000
00276nam a2200121Ia 4500
008
190216s9999||||xx |||||||||||||| ||und||
100
_a
Pandey P P
245
0
_a
Text Book Of Palnt Pathology
260
_b
S Chand & Co
_c
1989
300
_a
532p
650
_a
Botany
942
_c
BK
999
_c
1413
_d
1413